MARC details
| 000 -CABECERA |
| campo de control de longitud fija |
02837 a2200277 4500 |
| 003 - IDENTIFICADOR DEL NÚMERO DE CONTROL |
| campo de control |
OSt |
| 005 - FECHA Y HORA DE LA ÚLTIMA TRANSACCIÓN |
| campo de control |
20251030084240.0 |
| 007 - CAMPO FIJO DE DESCRIPCIÓN FÍSICA--INFORMACIÓN GENERAL |
| campo de control de longitud fija |
cr ||||||a|c|a |
| 008 - DATOS DE LONGITUD FIJA--INFORMACIÓN GENERAL |
| campo de control de longitud fija |
230201s2022 mx a|||fom||| 001 0 spa d |
| 040 ## - FUENTE DE LA CATALOGACIÓN |
| Centro/agencia transcriptor |
CHAP |
| 100 1# - ENTRADA PRINCIPAL--NOMBRE DE PERSONA |
| 9 (RLIN) |
187480 |
| Nombre de persona |
Gaytán Campos, Elizabeth |
| 245 10 - MENCIÓN DE TÍTULO |
| Título |
Etiología del moteado clorótico de hojas de aguacate (Persea americana Mill.) / |
| Mención de responsabilidad, etc. |
por Elizabeth Gaytán Campos ; director de tesis Alejandro Facundo Barrientos Priego. |
| 264 ## - PRODUCCIÓN, PUBLICACIÓN, DISTRIBUCIÓN, FABRICACIÓN Y COPYRIGHT |
| Producción, publicación, distribución, fabricación y copyright |
Chapingo, México : |
| Nombre del de productor, editor, distribuidor, fabricante |
El autor, |
| Fecha de producción, publicación, distribución, fabricación o copyright |
2022. |
| 300 ## - DESCRIPCIÓN FÍSICA |
| Extensión |
1 recurso en línea (117 páginas): |
| Otras características físicas |
cuadros, figuras. |
| 336 ## - TIPO DE CONTENIDO |
| Fuente |
rdacontent |
| Término de tipo de contenido |
texto |
| Código de tipo de contenido |
txt |
| 337 ## - TIPO DE MEDIO |
| Fuente |
rdamedia |
| Nombre/término del tipo de medio |
computadora |
| Código del tipo de medio |
c |
| 338 ## - TIPO DE SOPORTE |
| Fuente |
rdacarrier |
| Nombre/término del tipo de soporte |
recurso en línea |
| Código del tipo de soporte |
cr |
| 502 ## - NOTA DE TESIS |
| Tipo de título |
Maestría en Ciencias en Horticultura |
| Nombre de la institución que otorga el título |
Departamento de Enseñanza, Investigación y Servicio en Fitotecnia, |
| Año de obtención del título |
2022. |
| Información miscelánea |
Maestría |
| 504 ## - NOTA DE BIBLIOGRAFÍA, ETC. |
| Nota de bibliografía, etc. |
Incluye literatura citada : 4-5,44-46,84-85. |
| 520 ## - SUMARIO, ETC. |
| Sumario, etc. |
Se estima una producción global de 8 millones de toneladas de aguacate, donde México destaca como uno de los principales países productores con 2.39 millones t y 45.95 % de las exportaciones mundiales. En este contexto, el aspecto fitosanitario es considerado como una enorme restricción a la exportación y actualmente se ha manifestado un síntoma denominado moteado clorótico de las hojas, el cual ha sido asociado a deficiencias de zinc, a la bacteria Xylella fastidiosa y al viroide de la mancha de sol del aguacate, además de su posible relación con alguna variante de la bacteria Candidatus Liberibacter o alguna especie de protozoos, sin tener certeza del verdadero agente causal. Por tal motivo el presente estudio tuvo como objetivos identificar a los microorganismos asociados al síntoma a través de microscopía, medios de cultivo e infusiones y pruebas de patogenicidad, además de determinar mediante PCR, la presencia o ausencia de alguna variante Ca. Liberibacter. Los resultados reflejaron la presencia de protozoos asociados al síntoma de moteado clorótico de hojas en plantas de aguacate, coincidiendo en forma, movimiento y comportamiento con lo descrito en la literatura, no fue posible realizar la tinción de sus estructuras con los colorantes, verde rápido y verde de metileno, sin embargo, fue posible su aislamiento y crecimiento en infusiones de chícharo y arroz. Se obtuvo el cumplimiento de los postulados de Koch, se descartó la asociación entre alguna especie de nematodos y el síntoma y se obtuvieron resultados negativos para los variantes Ca. Liberibacter asiaticus, Ca. liberibacter americanus y Ca. Liberibacter solanacearum. |
| 650 #4 - PUNTO DE ACCESO ADICIONAL DE MATERIA--TÉRMINO DE MATERIA |
| 9 (RLIN) |
187481 |
| Término de materia o nombre geográfico como elemento de entrada |
Aguacate |
| Subdivisión general |
Enfermedades por bacterias |
| 650 #4 - PUNTO DE ACCESO ADICIONAL DE MATERIA--TÉRMINO DE MATERIA |
| 9 (RLIN) |
9326 |
| Término de materia o nombre geográfico como elemento de entrada |
Bacterias fitopatógenas |
| 700 1# - PUNTO DE ACCESO ADICIONAL--NOMBRE DE PERSONA |
| 9 (RLIN) |
10489 |
| Nombre de persona |
Barrientos Priego, Alejandro F. |
| Término indicativo de función/relación |
Director de tesis. |
| 856 ## - LOCALIZACIÓN Y ACCESO ELECTRÓNICOS |
| Identificador Uniforme del Recurso |
http://10.13.5.2/tesis/tm/1913282-7_GAYTAN_CAMPOS_ELIZABETH.pdf |
| Nota pública |
DESCARGAR PDF |
| 942 ## - ELEMENTOS DE PUNTO DE ACCESO ADICIONAL (KOHA) |
| Tipo de ítem Koha |
Tesis digital |
| Fuente del sistema de clasificación o colocación |
Clasificación Universidad Autónoma Chapingo |